Neighbourhood managers - next stage (Record no. 69825)

MARC details
000 -LEADER
fixed length control field 00938cam a2200217 4500
001 - CONTROL NUMBER
control field WB3811-31
008 - FIXED-LENGTH DATA ELEMENTS--GENERAL INFORMATION
fixed length control field 020321n2002 000 0 eng u
035 ## - SYSTEM CONTROL NUMBER
System control number (Sirsi) u117197
245 ## - TITLE STATEMENT
Title Neighbourhood managers - next stage
260 ## - PUBLICATION, DISTRIBUTION, ETC.
Date of publication, distribution, etc. 2002
490 ## - SERIES STATEMENT
Series statement DTLR News Release
Volume/sequential designation (0116) 20 March 2002, (3)
520 ## - SUMMARY, ETC.
Summary, etc. Neighbourhood Management Pathfinders are set to push forward change in 20 deprived communities. The successful neighbourhood managers will provide a one-stop-shop service for residents with local agencies joining forces to solve housing, health, crime, unemployment, and environmental problems. List of 20 Pathfinders. http://www.press.dtlr.gov.uk/pns/DisplayPN.cgi?pn_id=2002_0116
590 ## - LOCAL NOTE (RLIN)
Local note WB
650 ## - SUBJECT ADDED ENTRY--TOPICAL TERM
Topical term or geographic name entry element PATHFINDER
650 ## - SUBJECT ADDED ENTRY--TOPICAL TERM
Topical term or geographic name entry element NEIGHBOURHOOD MANAGEMENT
650 ## - SUBJECT ADDED ENTRY--TOPICAL TERM
Topical term or geographic name entry element REGENERATION SCHEMES
650 ## - SUBJECT ADDED ENTRY--TOPICAL TERM
Topical term or geographic name entry element NEIGHBOURHOOD RENEWAL
650 ## - SUBJECT ADDED ENTRY--TOPICAL TERM
Topical term or geographic name entry element DEPRIVED AREAS
690 ## - LOCAL SUBJECT ADDED ENTRY--TOPICAL TERM (OCLC, RLIN)
Topical term or geographic name as entry element REGENERATION
942 ## - ADDED ENTRY ELEMENTS (KOHA)
Suppress in OPAC 0

No items available.